| 000 | 00000nam##2200000za#4500 |
| 001 | 9.601274 |
| 003 | CaOODSP |
| 005 | 20210624210008 |
| 007 | cr ||||||||||| |
| 008 | 150406|1994||||xxc|||||o f|0| 0 fre|d |
| 040 | |aCaOODSP|bfre |
| 043 | |an-cn--- |
| 086 | 1 |aC21-24/2-1994F-PDF |
| 110 | 1 |aCanada.|bIndustrie Canada. |bDirection de l'analyse micro-économique. |
| 245 | 10|aLes multinationales canadiennes : |h[ressource électronique]|banalyse de leurs activités et résultats / |cpar le personnel d'Industrie Canada, Direction de l'analyse de la politique micro-économique, notamment Someshwar Rao, Marc Legault et Ashfaq Ahmad. |
| 260 | |aOttawa - Ontario : |bIndustrie Canada. |cJuillet 1994. |
| 300 | |a115p.|bgraphiques, tableaux |
| 490 | 1 |aSérie de document de travail|vN° 2 |
| 504 | |aBibliographie. |
| 590 | |a12-10-Supp|b2012-03-23 |
| 720 | 1 |aRao, Someshwar |
| 720 | 1 |aAhmad, Ashfaq |
| 720 | 1 |aLegault, Marc |
| 775 | 08|tCanadian-based multinationals : |w(CaOODSP)9.570625 |
| 830 | #0|aSérie de document de travail ;|vN° 2|w(CaOODSP)9.501123 |
| 856 | 40|ahttp://publications.gc.ca|qPDF|s2.17 Mo|uhttps://publications.gc.ca/collections/collection_2011/ic/C21-24-2-1994-fra.pdf|yN° 2 |